| 000 | 00431nam a2200157 i 4500 | ||
|---|---|---|---|
| 001 | 51775 | ||
| 003 | ES-MaACL | ||
| 005 | 20230906162432.0 | ||
| 007 | t| | ||
| 008 | 030819s1916 po ||||1| por d | ||
| 100 | 1 |
_aDantas, Julio. _942656 |
|
| 245 | 1 | 2 |
_aO amor em Portugal no seculo XVIII / _cJulio Dantas. |
| 260 |
_a[S.l. : _bs.n., _c1916] ( _ePorto : _fImp. Moderna) |
||
| 300 |
_a364 p. ; _c24 cm. |
||
| 852 |
_aES-MaACL _jF-782 |
||
| 999 |
_c51775 _d51775 |
||